00691nam a2200193 i 4500001000300000100003000003245009500033260002100128040000800149041000800157080001900165942000700184008004100191999001500232856009700247952005100344952005100395952005100446bg1 aDAVIDOVIC, Lev Nikolaevic 0aProjektowanie obiektów zaplecza technicznego transportu samochodowego /cL.N Dawidowicz. aWarszawa,c1975. cBPK apol a629.113:69:725 cKS s pl f |000 0 pol  c4741d4741 uhttp://koha.tu.koszalin.pl/cgi-bin/koha/opac-detail.pl?biblionumber=4741yKatalog online BPK 00104070aBPKbBPKcwoP 42066p02009261yKS 00104070aBPKbBPKcwoP 42067p02009278yKS 00104070aBPKbBPKcwoP 43707p02022451yKS